Name all of Saturn's confirmed moons - Statistics

General Stats
  • This quiz has been taken 9 times
  • The average score is 110 of 274
Answer Stats
Answer % Correct
Iapetus
80%
Pan
80%
Titan
80%
Atlas
60%
Daphnis
60%
Dione
60%
Enceladus
60%
Hyperion
60%
Janus
60%
Phoebe
60%
Tethys
60%
Aegaeon
40%
Aegir
40%
Albiorix
40%
Alvaldi
40%
Anthe
40%
Bebhionn
40%
Beli
40%
Bergelmir
40%
Bestla
40%
Calypso
40%
Eggther
40%
Erriapus
40%
Farbauti
40%
Fenrir
40%
Fornjot
40%
Geirrod
40%
Greip
40%
Gridr
40%
Hati
40%
Hyrrokkin
40%
Jarnsaxa
40%
Kari
40%
Kiviuq
40%
Loge
40%
Methone
40%
Mimas
40%
Mundilfari
40%
Pallene
40%
Pandora
40%
Polydeuces
40%
Prometheus
40%
Rhea
40%
S/2004 S 12
40%
S/2004 S 13
40%
S/2004 S 17
40%
S/2004 S 21
40%
S/2004 S 24
40%
S/2004 S 26
40%
S/2004 S 28
40%
S/2004 S 29
40%
S/2004 S 31
40%
S/2004 S 34
40%
S/2004 S 36
40%
S/2004 S 37
40%
S/2004 S 39
40%
S/2004 S 40
40%
S/2004 S 41
40%
S/2004 S 42
40%
S/2004 S 43
40%
S/2004 S 44
40%
S/2004 S 45
40%
S/2004 S 46
40%
S/2004 S 47
40%
S/2004 S 48
40%
S/2004 S 49
40%
S/2004 S 50
40%
S/2004 S 51
40%
S/2004 S 52
40%
S/2004 S 53
40%
S/2004 S 54
40%
S/2004 S 55
40%
S/2004 S 56
40%
S/2004 S 57
40%
S/2004 S 58
40%
S/2004 S 59
40%
S/2004 S 60
40%
S/2004 S 61
40%
S/2004 S 7
40%
S/2005 S 4
40%
S/2005 S 5
40%
S/2005 S 6
40%
S/2005 S 7
40%
S/2006 S 1
40%
S/2006 S 10
40%
S/2006 S 11
40%
S/2006 S 12
40%
S/2006 S 13
40%
S/2006 S 14
40%
S/2006 S 15
40%
S/2006 S 16
40%
S/2006 S 17
40%
S/2006 S 18
40%
S/2006 S 19
40%
S/2006 S 20
40%
S/2006 S 21
40%
S/2006 S 22
40%
S/2006 S 23
40%
S/2006 S 24
40%
S/2006 S 25
40%
S/2006 S 26
40%
S/2006 S 27
40%
S/2006 S 28
40%
S/2006 S 29
40%
S/2006 S 3
40%
S/2006 S 9
40%
S/2007 S 10
40%
S/2007 S 11
40%
S/2007 S 2
40%
S/2007 S 3
40%
S/2007 S 5
40%
S/2007 S 6
40%
S/2007 S 7
40%
S/2007 S 8
40%
S/2007 S 9
40%
S/2009 S 1
40%
S/2019 S 1
40%
S/2019 S 10
40%
S/2019 S 11
40%
S/2019 S 12
40%
S/2019 S 13
40%
S/2019 S 14
40%
S/2019 S 15
40%
S/2019 S 16
40%
S/2019 S 17
40%
S/2019 S 18
40%
S/2019 S 19
40%
S/2019 S 2
40%
S/2019 S 20
40%
S/2019 S 21
40%
S/2019 S 22
40%
S/2019 S 23
40%
S/2019 S 24
40%
S/2019 S 25
40%
S/2019 S 26
40%
S/2019 S 27
40%
S/2019 S 28
40%
S/2019 S 29
40%
S/2019 S 3
40%
S/2019 S 30
40%
S/2019 S 31
40%
S/2019 S 32
40%
S/2019 S 33
40%
S/2019 S 34
40%
S/2019 S 35
40%
S/2019 S 36
40%
S/2019 S 37
40%
S/2019 S 38
40%
S/2019 S 39
40%
S/2019 S 4
40%
S/2019 S 40
40%
S/2019 S 41
40%
S/2019 S 42
40%
S/2019 S 43
40%
S/2019 S 44
40%
S/2019 S 5
40%
S/2019 S 6
40%
S/2019 S 7
40%
S/2019 S 8
40%
S/2019 S 9
40%
S/2020 S 1
40%
S/2020 S 10
40%
S/2020 S 11
40%
S/2020 S 12
40%
S/2020 S 13
40%
S/2020 S 14
40%
S/2020 S 15
40%
S/2020 S 16
40%
S/2020 S 17
40%
S/2020 S 18
40%
S/2020 S 19
40%
S/2020 S 2
40%
S/2020 S 20
40%
S/2020 S 21
40%
S/2020 S 22
40%
S/2020 S 23
40%
S/2020 S 24
40%
S/2020 S 25
40%
S/2020 S 26
40%
S/2020 S 27
40%
S/2020 S 28
40%
S/2020 S 29
40%
S/2020 S 3
40%
S/2020 S 30
40%
S/2020 S 31
40%
S/2020 S 32
40%
S/2020 S 33
40%
S/2020 S 34
40%
S/2020 S 35
40%
S/2020 S 36
40%
S/2020 S 37
40%
S/2020 S 38
40%
S/2020 S 39
40%
S/2020 S 4
40%
S/2020 S 40
40%
S/2020 S 41
40%
S/2020 S 42
40%
S/2020 S 43
40%
S/2020 S 44
40%
S/2020 S 5
40%
S/2020 S 6
40%
S/2020 S 7
40%
S/2020 S 8
40%
S/2020 S 9
40%
S/2023 S 1
40%
S/2023 S 10
40%
S/2023 S 11
40%
S/2023 S 12
40%
S/2023 S 13
40%
S/2023 S 14
40%
S/2023 S 15
40%
S/2023 S 16
40%
S/2023 S 17
40%
S/2023 S 18
40%
S/2023 S 19
40%
S/2023 S 2
40%
S/2023 S 20
40%
S/2023 S 21
40%
S/2023 S 22
40%
S/2023 S 23
40%
S/2023 S 24
40%
S/2023 S 25
40%
S/2023 S 26
40%
S/2023 S 27
40%
S/2023 S 28
40%
S/2023 S 29
40%
S/2023 S 3
40%
S/2023 S 30
40%
S/2023 S 31
40%
S/2023 S 32
40%
S/2023 S 33
40%
S/2023 S 34
40%
S/2023 S 35
40%
S/2023 S 36
40%
S/2023 S 37
40%
S/2023 S 38
40%
S/2023 S 39
40%
S/2023 S 4
40%
S/2023 S 40
40%
S/2023 S 41
40%
S/2023 S 42
40%
S/2023 S 43
40%
S/2023 S 44
40%
S/2023 S 45
40%
S/2023 S 46
40%
S/2023 S 47
40%
S/2023 S 48
40%
S/2023 S 49
40%
S/2023 S 5
40%
S/2023 S 50
40%
S/2023 S 6
40%
S/2023 S 7
40%
S/2023 S 8
40%
S/2023 S 9
40%
Skathi
40%
Skrymir
40%
Tarqeq
40%
Telesto
40%
Thiazzi
40%
Ymir
40%
Angrboda
20%
Epimetheus
20%
Gerd
20%
Gunnlod
20%
Helene
20%
Ijiraq
20%
Narvi
20%
Paaliaq
20%
Siarnaq
20%
Skoll
20%
Surtur
20%
Suttungr
20%
Tarvos
20%
Thrymr
20%
No matching quizzes found
Score Distribution
Percent of People with Each Score
Percentile by Number Answered
Your Score History
You have not taken this quiz